Дело о командировании молодых врачей ведомства Министерства внутренних дел для практических занятий в клиники университетов и за...

Доступно только в Электронных читальных залах Найти на картеНа карте
RUSMARC
00004169nmc2a2200000 x 450
001f3baad17-f337-4281-ac7e-cae48ee6c760
00520151215163355.0
100##$a20150831l18621862k l0rusy0189 ca
1010#$arus
102##$aRU
2001#$aДело о командировании молодых врачей ведомства Министерства внутренних дел для практических занятий в клиники университетов и за границу для усовершенствования
$j19 августа - 28 ноября 1862 г.
251##$cДело
300##$aОриг. заголовок дела: Дело о прикомандировании гражданских врачей для дальнейшего усовершенствования к столичным больницам и об отправлении их в клиники университетов, а также за границу сроком от одного года до двух лет. 19 августа 1862 г. - 28 ноября 1862 г
801#0$aRU
$bРГИА
$c20150831
$gRCR
801#1$aRU
$bГлавНИВЦ
$c20150831
$2rusmarc
801#2$aRU
$bПБ им. Б.Н. Ельцина
$c20151215
$gRCR
$2rusmarc
850##$aРГИА
852##$aРГИА
$eФедеральное казенное учреждение "Российский государственный исторический архив" (РГИА)
$j678
937##$hРГИА
$d12088343
$aASBIBLIO_SCAN
462#0$100110dcdccd-ec79-4ee8-a204-b9d031b41c04
$12001
$aМедицинские дела Департамента народного просвещения
$1251
$cОпись
$1852
$j99
461#0$1001a74412a3-3cc5-4d21-8f0a-dfe2fbd9e72d
$12001
$aДепартамент народного просвещения Министерства народного просвещения
$1251
$cФонд
$1852
$j733
215##$a12 л.
$d36,5х26 см
371##$aДокумент не является опубликованным и широко распространяемым
105##$ay###
1222#$ad
5171#$aДело о прикомандировании гражданских врачей для дальнейшего усовершенствования к столичным больницам и об отправлении их в клиники университетов, а также за границу сроком от одного года до двух лет. 19 августа 1862 г. - 28 ноября 1862 г
035##$af3baad17-f337-4281-ac7e-cae48ee6c760
Формат отображения